[Event "Karl Wagner Memorial 5th"]
[Site "Graz"]
[Date "1998.09.10"]
[Round "6.19"]
[White "Danner, Georg"]
[Black "Moser, Eva"]
[Result "1-0"]
[WhiteElo "2340"]
[BlackElo "2190"]
[PlyCount "153"]
[EventDate "1998.09.??"]
[EventType "swiss"]
[EventRounds "9"]
[EventCountry "AUT"]
[SourceTitle "EXT 1999"]
[Source "ChessBase"]
[SourceDate "1998.11.16"]
[SourceVersion "1"]
[SourceVersionDate "1998.11.16"]
[SourceQuality "1"]

1. d4 g6 2. c4 Nf6 3. Nf3 Bg7 4. Nc3 d6 5. e4 O-O 6. Be2 e5 7. d5 a5 8. Be3 Na6
9. Nd2 Nd7 10. a3 f5 11. f3 Qh4+ 12. Bf2 Qg5 13. g3 Nac5 14. b4 axb4 15. axb4
Rxa1 16. Qxa1 Bh6 17. Qb2 Na6 18. Ncb1 Qe7 19. Qa3 Nf6 20. Bd3 f4 21. Be2 Bg5
22. g4 Nd7 23. h4 Bf6 24. Nc3 b6 25. Nb5 Bb7 26. Bf1 h6 27. Bd3 Ra8 28. Qb2 Bg7
29. Ke2 Qd8 30. Qc3 Kh7 31. Nb3 Ndb8 32. h5 g5 33. Ra1 c6 34. Na3 c5 35. bxc5
bxc5 36. Na5 Bc8 37. Nb5 Qb6 38. Ra4 Bf8 39. Qa1 Nd7 40. Nc6 Bb7 41. Na5 Nb4
42. Rxb4 Rxa5 43. Qb1 Ba6 44. Rb2 Bxb5 45. Be1 Ra7 46. Rxb5 Qc7 47. Rb2 Be7 48.
Ra2 Bd8 49. Rxa7 Qxa7 50. Qb5 Kg8 51. Bc2 Kf8 52. Ba4 Ke7 53. Bc3 Bb6 54. Kd3
Qc7 55. Kc2 Qa7 56. Kb3 Bd8 57. Ka3 Bb6 58. Qc6 Qc7 59. Qa8 Qb8 60. Qa6 Qc7 61.
Bxd7 Kxd7 62. Ka4 Qb8 63. Qb5+ Kc7 64. Kb3 Qa8 65. Bd2 Qb7 66. Kc2 Qa8 67. Kd3
Qa3+ 68. Ke2 Qa8 69. Kf2 Qb8 70. Bc3 Qa8 71. Ke1 Qb8 72. Kd2 Qa8 73. Kd3 Qb8
74. Bxe5 dxe5 75. Qc6+ Kd8 76. Qxh6 Ba7 77. Qf8+ 1-0

[Event "Karl Wagner Memorial 5th"]
[Site "Graz"]
[Date "1998.09.09"]
[Round "5.11"]
[White "Moser, Eva"]
[Black "Klovans, Janis"]
[Result "0-1"]
[WhiteElo "2190"]
[BlackElo "2465"]
[PlyCount "56"]
[EventDate "1998.09.??"]
[EventType "swiss"]
[EventRounds "9"]
[EventCountry "AUT"]
[SourceTitle "EXT 1999"]
[Source "ChessBase"]
[SourceDate "1998.11.16"]
[SourceVersion "1"]
[SourceVersionDate "1998.11.16"]
[SourceQuality "1"]

1. e4 d5 2. exd5 Nf6 3. d4 Bg4 4. Be2 Bxe2 5. Qxe2 Qxd5 6. Nf3 e6 7. O-O Nc6 8.
Nc3 Qh5 9. Bf4 O-O-O 10. Rad1 Bd6 11. Bxd6 Rxd6 12. Ne4 Nxe4 13. Qxe4 Rhd8 14.
Rd3 g5 15. c3 g4 16. Nd2 e5 17. Nc4 Rh6 18. h3 f5 19. Qe3 e4 20. Rdd1 gxh3 21.
g3 h2+ 22. Kh1 Ne7 23. Rde1 Nd5 24. Qe2 Qh3 25. Ne5 Nf4 26. gxf4 Rg8 27. f3
Rg1+ 28. Rxg1 hxg1=Q+ 0-1

[Event "Karl Wagner Memorial 5th"]
[Site "Graz"]
[Date "1998.09.08"]
[Round "4.17"]
[White "Lendwai, Reinhard"]
[Black "Moser, Eva"]
[Result "0-1"]
[WhiteElo "2375"]
[BlackElo "2190"]
[PlyCount "74"]
[EventDate "1998.09.??"]
[EventType "swiss"]
[EventRounds "9"]
[EventCountry "AUT"]
[SourceTitle "EXT 1999"]
[Source "ChessBase"]
[SourceDate "1998.11.16"]
[SourceVersion "1"]
[SourceVersionDate "1998.11.16"]
[SourceQuality "1"]

1. e4 e6 2. d4 d5 3. Nc3 Bb4 4. exd5 exd5 5. Bd3 Ne7 6. Qh5 c5 7. dxc5 d4 8. a3
Qa5 9. axb4 Qxa1 10. Nce2 Nbc6 11. Nf3 Nxb4 12. Bb5+ Nbc6 13. O-O Qa2 14. Re1
O-O 15. Bd3 f5 16. b3 Rf6 17. Qe8+ Rf8 18. Bc4+ Be6 19. Bxe6+ Kh8 20. Qh5 Qxc2
21. Ng5 f4 22. Nxf4 Nd8 23. Bc4 h6 24. Bd3 Qc3 25. Rd1 Qxb3 26. h3 a5 27. Kh2
a4 28. Re1 Ndc6 29. Ng6+ Nxg6 30. Qxg6 Qg8 31. Ne4 Ne5 32. Qg3 Nxd3 33. Qxd3
Qd5 34. f3 Qe5+ 35. Kh1 Qd5 36. Bb2 a3 37. Bxa3 Qa2 0-1

[Event "Karl Wagner Memorial 5th"]
[Site "Graz"]
[Date "1998.09.06"]
[Round "2.37"]
[White "Agovic, Mirsad"]
[Black "Moser, Eva"]
[Result "0-1"]
[WhiteElo "2035"]
[BlackElo "2190"]
[PlyCount "110"]
[EventDate "1998.09.??"]
[EventType "swiss"]
[EventRounds "9"]
[EventCountry "AUT"]
[SourceTitle "EXT 1999"]
[Source "ChessBase"]
[SourceDate "1998.11.16"]
[SourceVersion "1"]
[SourceVersionDate "1998.11.16"]
[SourceQuality "1"]

1. Nf3 Nf6 2. c4 g6 3. b3 Bg7 4. Bb2 d6 5. g3 c5 6. Bg2 O-O 7. O-O Nc6 8. h3
Bd7 9. d4 cxd4 10. Nxd4 Nxd4 11. Bxd4 Bc6 12. Qc1 Qc7 13. Qb2 e5 14. Bc3 Rfe8
15. Nd2 Rad8 16. e4 b6 17. a4 a5 18. Rad1 Qb7 19. Rfe1 Nd7 20. Qc2 Nc5 21. f3
Rf8 22. g4 Bh6 23. Nb1 Qe7 24. Bd2 Qh4 25. Bxh6 Qxh6 26. Nc3 Ne6 27. Ne2 Rd7
28. Qd2 Qxd2 29. Rxd2 Nc5 30. Rb1 f6 31. Nc3 Na6 32. Bf1 Rc8 33. Rbd1 Rcd8 34.
Bd3 Kf8 35. Kf2 Ke7 36. Ke3 Nc5 37. Bc2 Ne6 38. h4 Rh8 39. Ne2 h5 40. Rg1 hxg4
41. Rxg4 Rh6 42. f4 exf4+ 43. Nxf4 Nxf4 44. Kxf4 Rd8 45. Kg3 Rdh8 46. Rf2 Bd7
47. Rgf4 g5 48. hxg5 Rg8 49. R4f3 Rh3+ 50. Kg2 Rxg5+ 51. Kf1 Rh1+ 52. Ke2 Bg4
53. Ke3 Bxf3 54. Rxf3 Rg2 55. Bd3 Rb2 0-1

[Event "Karl Wagner Memorial 5th"]
[Site "Graz"]
[Date "1998.09.05"]
[Round "1.5"]
[White "Moser, Eva"]
[Black "Polak, Tomas"]
[Result "0-1"]
[WhiteElo "2190"]
[BlackElo "2525"]
[PlyCount "70"]
[EventDate "1998.09.??"]
[EventType "swiss"]
[EventRounds "9"]
[EventCountry "AUT"]
[SourceTitle "EXT 1999"]
[Source "ChessBase"]
[SourceDate "1998.11.16"]
[SourceVersion "1"]
[SourceVersionDate "1998.11.16"]
[SourceQuality "1"]

1. e4 c6 2. d4 d5 3. Nc3 dxe4 4. Nxe4 Nd7 5. Bc4 Ngf6 6. Ng5 e6 7. Qe2 Nb6 8.
Bd3 h6 9. N5f3 c5 10. dxc5 Bxc5 11. Ne5 Nbd7 12. Ngf3 Qc7 13. O-O Nxe5 14. Nxe5
O-O 15. c4 b6 16. b3 Bd4 17. Bb2 Bxb2 18. Qxb2 Bb7 19. Rfe1 Rfd8 20. Re3 Qc5
21. Qe2 Rd4 22. Re1 Rad8 23. h3 Kf8 24. Qc2 a5 25. Qe2 Ba6 26. Qc2 R8d6 27. Qe2
Qc7 28. Qc2 Bb7 29. a3 Rd8 30. b4 axb4 31. axb4 Kg8 32. Ra1 Nh5 33. c5 Nf4 34.
Bf1 Nd5 35. Re2 Nxb4 0-1

[Event "Passau op 6th"]
[Site "Passau"]
[Date "1998.04.12"]
[Round "6"]
[White "Scheidt, Karl Heinz"]
[Black "Moser, Eva"]
[Result "0-1"]
[WhiteElo "1965"]
[BlackElo "2180"]
[PlyCount "50"]
[EventDate "1998.04.10"]
[EventType "swiss"]
[EventRounds "7"]
[EventCountry "GER"]
[SourceTitle "EXT 1999"]
[Source "ChessBase"]
[SourceDate "1998.11.16"]
[SourceVersion "1"]
[SourceVersionDate "1998.11.16"]
[SourceQuality "1"]

1. e4 e6 2. d4 d5 3. e5 c5 4. c3 Nc6 5. Nf3 Qb6 6. Bd3 cxd4 7. cxd4 Bd7 8. O-O
Nxd4 9. Ng5 Ne7 10. Be3 Nec6 11. Nc3 Be7 12. Nb5 Bxg5 13. Nd6+ Kf8 14. Bxg5
Nxe5 15. Be3 Nxd3 16. Nxf7 Kxf7 17. Qxd3 Bb5 18. Qd2 Ne2+ 19. Kh1 d4 20. a4 Bc4
21. b3 Qxb3 22. Rab1 Qc3 23. Rxb7+ Kg6 24. Qd1 Qd3 25. Bxd4 Qxd4 0-1

[Event "Passau op 6th"]
[Site "Passau"]
[Date "1998.04.12"]
[Round "5"]
[White "Moser, Eva"]
[Black "Germann, Heike"]
[Result "1/2-1/2"]
[WhiteElo "2180"]
[BlackElo "1865"]
[PlyCount "74"]
[EventDate "1998.04.10"]
[EventType "swiss"]
[EventRounds "7"]
[EventCountry "GER"]
[SourceTitle "EXT 1999"]
[Source "ChessBase"]
[SourceDate "1998.11.16"]
[SourceVersion "1"]
[SourceVersionDate "1998.11.16"]
[SourceQuality "1"]

1. e4 c5 2. c3 d5 3. exd5 Qxd5 4. d4 cxd4 5. cxd4 e6 6. Nf3 Nf6 7. Nc3 Qd8 8.
Bc4 Nc6 9. O-O Be7 10. Re1 O-O 11. a3 b6 12. Bf4 Bb7 13. Qd3 Rc8 14. Rad1 Na5
15. Ba2 Nd5 16. Bb1 g6 17. Bh6 Re8 18. Ne4 Nf6 19. Ng3 Nc4 20. Bc1 Nd5 21. Ne4
Nd6 22. Ne5 Qc7 23. Nxd6 Bxd6 24. h4 h5 25. Bh6 Ne7 26. Bg5 Nf5 27. Rc1 Bxe5
28. Rxc7 Bxc7 29. Qd2 Ne7 30. Bc2 Bd8 31. Ba4 Nc6 32. Qf4 Bxg5 33. hxg5 Red8
34. Rd1 Rd5 35. Bb3 Rf5 36. Qh4 Rd8 37. g4 Rf4 1/2-1/2

[Event "Passau op 6th"]
[Site "Passau"]
[Date "1998.04.11"]
[Round "4"]
[White "Brenneis, Gerhard"]
[Black "Moser, Eva"]
[Result "0-1"]
[WhiteElo "1862"]
[BlackElo "2180"]
[PlyCount "96"]
[EventDate "1998.04.10"]
[EventType "swiss"]
[EventRounds "7"]
[EventCountry "GER"]
[SourceTitle "EXT 1999"]
[Source "ChessBase"]
[SourceDate "1998.11.16"]
[SourceVersion "1"]
[SourceVersionDate "1998.11.16"]
[SourceQuality "1"]

1. e4 e6 2. d4 d5 3. Nc3 Bb4 4. e5 c5 5. a3 Bxc3+ 6. bxc3 Ne7 7. Nf3 Nbc6 8.
Bd3 Qc7 9. Be3 c4 10. Be2 Bd7 11. O-O O-O-O 12. Ng5 Rdf8 13. f4 f6 14. Nf3 h5
15. Qd2 Nf5 16. Rfb1 Nd8 17. Bf2 Nf7 18. Nh4 Nxh4 19. Bxh4 Nh6 20. Bf2 Be8 21.
Rb4 Qf7 22. Rab1 Bc6 23. Bf3 g5 24. fxg5 fxg5 25. Rf1 Qg6 26. Rbb1 Nf5 27. Rbe1
g4 28. Bd1 Rhg8 29. Be3 Be8 30. Rf4 Qh7 31. Ref1 Qe7 32. Qc1 Bg6 33. Bd2 Kb8
34. Qb2 Rc8 35. Bc1 Rc6 36. Bd2 Rb6 37. Qa1 Ra6 38. Bc1 Nh4 39. g3 Nf5 40. Bb2
Qd7 41. Bc1 Qa4 42. Kg2 Rb6 43. h3 gxh3+ 44. Kxh3 Qd7 45. Bd2 Qg7 46. Rg1 Nxg3
47. Bf3 Nf5 48. Rxg6 Qxg6 0-1

[Event "Passau op 6th"]
[Site "Passau"]
[Date "1998.04.11"]
[Round "3"]
[White "Moser, Eva"]
[Black "Jehnichen, Guenther"]
[Result "1/2-1/2"]
[WhiteElo "2180"]
[BlackElo "1922"]
[PlyCount "46"]
[EventDate "1998.04.10"]
[EventType "swiss"]
[EventRounds "7"]
[EventCountry "GER"]
[SourceTitle "EXT 1999"]
[Source "ChessBase"]
[SourceDate "1998.11.16"]
[SourceVersion "1"]
[SourceVersionDate "1998.11.16"]
[SourceQuality "1"]

1. e4 c6 2. d4 d5 3. Nc3 dxe4 4. Nxe4 Nd7 5. Bc4 Ngf6 6. Ng5 e6 7. Qe2 Nb6 8.
Bd3 Bd6 9. N1f3 Qc7 10. Ne5 O-O 11. O-O c5 12. c3 Nbd5 13. Bd2 b6 14. c4 Ne7
15. Ng4 Ng6 16. Nxf6+ gxf6 17. Ne4 Be7 18. d5 Bb7 19. d6 Bxd6 20. Nxf6+ Kg7 21.
Qh5 Bxh2+ 22. Kh1 Bf4 23. Bc3 Be5 1/2-1/2

[Event "Passau op 6th"]
[Site "Passau"]
[Date "1998.04.10"]
[Round "2"]
[White "Wells, Peter K"]
[Black "Moser, Eva"]
[Result "1-0"]
[WhiteElo "2530"]
[BlackElo "2180"]
[PlyCount "103"]
[EventDate "1998.04.10"]
[EventType "swiss"]
[EventRounds "7"]
[EventCountry "GER"]
[SourceTitle "EXT 1999"]
[Source "ChessBase"]
[SourceDate "1998.11.16"]
[SourceVersion "1"]
[SourceVersionDate "1998.11.16"]
[SourceQuality "1"]

1. d4 Nf6 2. c4 g6 3. Nc3 Bg7 4. e4 O-O 5. Nf3 d6 6. Be2 e5 7. Be3 exd4 8. Nxd4
Re8 9. f3 c6 10. Qd2 d5 11. exd5 cxd5 12. O-O Nc6 13. c5 Rxe3 14. Qxe3 Qf8 15.
Ncb5 Qxc5 16. Qf2 Qb4 17. Rfd1 Bd7 18. Bf1 Re8 19. a3 Qf8 20. Re1 Ne5 21. Rad1
Bh6 22. Nc2 Bf5 23. Ne3 Be6 24. Nc7 Rd8 25. Nxe6 fxe6 26. Nxd5 Rxd5 27. Rxd5
Nxd5 28. Rxe5 Bf4 29. Rxe6 Qh6 30. g3 Be3 31. Rxe3 Nxe3 32. Qd2 Qg5 33. Bc4+
Kg7 34. Qd4+ Kh6 35. Bd3 Nf5 36. Bxf5 Qxf5 37. Qd2+ Kg7 38. Kg2 Qb5 39. h4 a5
40. Qd4+ Kf7 41. Kf2 h5 42. Ke3 a4 43. Qf4+ Kg7 44. Qc7+ Kf6 45. Qd6+ Kf7 46.
Qb4 Qe5+ 47. Kf2 b5 48. Qc3 Qd5 49. Qc7+ Kf6 50. Ke3 Qe6+ 51. Kd4 Qe2 52. Qf4+
1-0

[Event "Passau op 6th"]
[Site "Passau"]
[Date "1998.04.10"]
[Round "1"]
[White "Moser, Eva"]
[Black "Csipek, Gerald"]
[Result "1-0"]
[WhiteElo "2180"]
[BlackElo "1778"]
[PlyCount "47"]
[EventDate "1998.04.10"]
[EventType "swiss"]
[EventRounds "7"]
[EventCountry "GER"]
[SourceTitle "EXT 1999"]
[Source "ChessBase"]
[SourceDate "1998.11.16"]
[SourceVersion "1"]
[SourceVersionDate "1998.11.16"]
[SourceQuality "1"]

1. e4 d6 2. d4 Nf6 3. Nc3 g6 4. Nf3 Bg7 5. Bd3 O-O 6. O-O c5 7. dxc5 dxc5 8.
Be3 Nbd7 9. h3 e6 10. Qe2 a6 11. a4 Qc7 12. Nd2 b6 13. f4 Bb7 14. Qf2 Ne8 15.
e5 Nb8 16. a5 Nd7 17. axb6 Qxb6 18. Na4 Qc6 19. Be4 Qc8 20. Bxb7 Qxb7 21. Nxc5
Nxc5 22. Bxc5 Qxb2 23. Ne4 f5 24. Rfb1 1-0

[Event "AUT-chT2S 9798"]
[Site "Austria"]
[Date "1998.03.15"]
[Round "11"]
[White "Kratschmer, Heinz"]
[Black "Moser, Eva"]
[Result "0-1"]
[WhiteElo "2100"]
[BlackElo "2215"]
[PlyCount "76"]
[EventDate "1997.??.??"]
[EventType "team-tourn"]
[EventRounds "11"]
[EventCountry "AUT"]
[SourceTitle "EXT 1999"]
[Source "ChessBase"]
[SourceDate "1998.11.16"]
[SourceVersion "1"]
[SourceVersionDate "1998.11.16"]
[SourceQuality "1"]

1. d4 Nf6 2. Nf3 g6 3. Nc3 Bg7 4. e4 d6 5. Be2 O-O 6. O-O c6 7. Re1 b5 8. a3
Nbd7 9. e5 Ne8 10. Bf4 Nb6 11. b3 Nc7 12. Qd2 Nbd5 13. Nxd5 Nxd5 14. Bh6 Qc7
15. Bxg7 Kxg7 16. Bd3 Bg4 17. Ng5 h6 18. exd6 exd6 19. Ne4 Rad8 20. c4 bxc4 21.
bxc4 Nb6 22. Qf4 Be6 23. Qf6+ Kh7 24. Re3 Nc8 25. d5 cxd5 26. cxd5 Bxd5 27.
Ng5+ Kg8 28. Rae1 Qd7 29. Rh3 Qg4 30. Rg3 Qd7 31. Rh3 Qg4 32. Rg3 Qd7 33. h4
Rde8 34. Rxe8 Rxe8 35. Nh3 Qe6 36. Qf4 Kg7 37. h5 Ne7 38. hxg6 fxg6 0-1

[Event "AUT-chT2S 9798"]
[Site "Austria"]
[Date "1998.03.14"]
[Round "10"]
[White "Moser, Eva"]
[Black "Singer, Richard"]
[Result "0-1"]
[WhiteElo "2215"]
[BlackElo "2160"]
[PlyCount "94"]
[EventDate "1997.??.??"]
[EventType "team-tourn"]
[EventRounds "11"]
[EventCountry "AUT"]
[SourceTitle "EXT 1999"]
[Source "ChessBase"]
[SourceDate "1998.11.16"]
[SourceVersion "1"]
[SourceVersionDate "1998.11.16"]
[SourceQuality "1"]

1. e4 c6 2. d4 d5 3. Nc3 dxe4 4. Nxe4 Nf6 5. Nxf6+ exf6 6. c3 Bd6 7. Bd3 Be6 8.
Ne2 Qc7 9. c4 c5 10. d5 Bg4 11. h3 Bh5 12. Be3 Nd7 13. O-O O-O 14. Qc2 Bg6 15.
Rab1 Rfe8 16. a3 a6 17. Rfc1 Bxd3 18. Qxd3 b5 19. cxb5 Ne5 20. Qc3 axb5 21.
Bxc5 Nc4 22. Bxd6 Qxd6 23. Nd4 Qxd5 24. Nxb5 Nd2 25. Ra1 Qxb5 26. Qxd2 Re2 27.
a4 Qxb2 28. Qxb2 Rxb2 29. a5 g6 30. Rc6 Kg7 31. a6 Ra7 32. g4 Rb5 33. Kg2 f5
34. g5 h6 35. h4 Rb4 36. Kg3 Rg4+ 37. Kf3 Rxh4 38. gxh6+ Rxh6 39. Rb1 Rh3+ 40.
Kf4 Ra3 41. Rbb6 Re7 42. f3 Ra4+ 43. Kg3 f4+ 44. Kh4 Re1 45. Rc2 Rh1+ 46. Kg5
Rg1+ 47. Kh4 Ra5 0-1

[Event "AUT-chT2S 9798"]
[Site "Austria"]
[Date "1998.02.08"]
[Round "8"]
[White "Moser, Eva"]
[Black "Witzany, Christoph"]
[Result "1-0"]
[WhiteElo "2215"]
[BlackElo "2120"]
[PlyCount "21"]
[EventDate "1997.??.??"]
[EventType "team-tourn"]
[EventRounds "11"]
[EventCountry "AUT"]
[SourceTitle "EXT 1999"]
[Source "ChessBase"]
[SourceDate "1998.11.16"]
[SourceVersion "1"]
[SourceVersionDate "1998.11.16"]
[SourceQuality "1"]

1. e4 e5 2. Nf3 Nc6 3. Bc4 Nf6 4. d4 exd4 5. O-O Nxe4 6. Re1 d5 7. Bxd5 Qxd5 8.
Nc3 Qh5 9. Nxe4 Be7 10. Bg5 O-O 11. Ng3 1-0

[Event "AUT-chT2S 9798"]
[Site "Austria"]
[Date "1998.02.07"]
[Round "7"]
[White "Schigan, Manfred"]
[Black "Moser, Eva"]
[Result "1-0"]
[WhiteElo "2290"]
[BlackElo "2215"]
[PlyCount "67"]
[EventDate "1997.??.??"]
[EventType "team-tourn"]
[EventRounds "11"]
[EventCountry "AUT"]
[SourceTitle "EXT 1999"]
[Source "ChessBase"]
[SourceDate "1998.11.16"]
[SourceVersion "1"]
[SourceVersionDate "1998.11.16"]
[SourceQuality "1"]

1. e4 e6 2. d4 d5 3. Nd2 c5 4. exd5 exd5 5. Bb5+ Nc6 6. Ne2 Qb6 7. Ba4 Nf6 8.
O-O a6 9. Bxc6+ bxc6 10. Re1 Bg4 11. Nf4+ Kd8 12. f3 Bd7 13. dxc5 Bxc5+ 14. Kh1
Re8 15. Nb3 Bd6 16. Bd2 Qb8 17. g3 h5 18. Ba5+ Kc8 19. Rxe8+ Bxe8 20. Ne2 h4
21. Kg2 Bd7 22. Qd4 hxg3 23. hxg3 Be5 24. Qh4 Qa7 25. Qg5 Bd6 26. Bd2 Bf8 27.
Rh1 Qc7 28. Bf4 Qd8 29. Rh8 Qe7 30. Nc3 Kb7 31. Be3 Rd8 32. Bc5 Qe6 33. Bxf8
Rxf8 34. Nc5+ 1-0

[Event "Elekes Memorial IM"]
[Site "Budapest"]
[Date "1998.??.??"]
[Round "10"]
[White "Moser, Eva"]
[Black "Lorincz, Istvan"]
[Result "0-1"]
[WhiteElo "2180"]
[BlackElo "2350"]
[PlyCount "52"]
[EventDate "1998.05.??"]
[EventType "tourn"]
[EventRounds "11"]
[EventCountry "HUN"]
[EventCategory "2"]
[SourceTitle "EXT 2002"]
[Source "ChessBase"]
[SourceDate "2001.11.25"]
[SourceVersion "1"]
[SourceVersionDate "2001.11.25"]
[SourceQuality "1"]

1. e4 c6 2. d4 d5 3. Nc3 dxe4 4. Nxe4 Bf5 5. Ng3 Bg6 6. h4 h6 7. Nf3 Nd7 8. h5
Bh7 9. Bd3 Bxd3 10. Qxd3 e6 11. Bf4 Bb4+ 12. c3 Be7 13. Ne4 Ngf6 14. Nd6+ Bxd6
15. Bxd6 Qa5 16. Ne5 Qd5 17. Nxd7 Nxd7 18. Qg3 Rg8 19. b3 Qe4+ 20. Kd2 O-O-O
21. Rh4 Qd5 22. c4 Qg5+ 23. Kc3 Nf6 24. Be5 Qf5 25. Bb8 Rd7 26. Bxa7 Qa5+ 0-1

[Event "Elekes Memorial IM"]
[Site "Budapest"]
[Date "1998.??.??"]
[Round "9"]
[White "Moser, Eva"]
[Black "Zimmerman, Yuri"]
[Result "1-0"]
[WhiteElo "2180"]
[BlackElo "2340"]
[PlyCount "97"]
[EventDate "1998.05.??"]
[EventType "tourn"]
[EventRounds "11"]
[EventCountry "HUN"]
[EventCategory "2"]
[SourceTitle "EXT 2002"]
[Source "ChessBase"]
[SourceDate "2001.11.25"]
[SourceVersion "1"]
[SourceVersionDate "2001.11.25"]
[SourceQuality "1"]

1. e4 d6 2. d4 Nf6 3. Nc3 g6 4. Nf3 Bg7 5. Be2 O-O 6. O-O Bg4 7. Be3 Nc6 8. d5
Bxf3 9. Bxf3 Ne5 10. Be2 c6 11. f4 Ned7 12. Bf3 cxd5 13. exd5 Qa5 14. Kh1 Nb6
15. Qd3 Rac8 16. Rae1 Rfe8 17. Re2 Nc4 18. Bc1 b5 19. a3 Nxa3 20. Rfe1 Nc4 21.
b3 Nb6 22. Nxb5 a6 23. Na7 Rc3 24. Bd2 Nfxd5 25. Bxd5 Nxd5 26. Bxc3 Bxc3 27.
Nc6 Qc5 28. Nxe7+ Rxe7 29. Rxe7 Bxe1 30. Re8+ Kg7 31. Rxe1 Nxf4 32. Qe3 Qg5 33.
g3 Qd5+ 34. Qe4 Qxe4+ 35. Rxe4 Ne6 36. Ra4 Nc5 37. Rd4 Nb7 38. Rb4 Nc5 39. Rb6
Kf6 40. b4 Ne4 41. Rxa6 Ke6 42. c4 f6 43. Ra7 Nd2 44. Rc7 d5 45. cxd5+ Kd6 46.
Rc2 Ne4 47. b5 Kxd5 48. b6 Nd6 49. Rc7 1-0

[Event "EU-ch U16 Girls"]
[Site "Mureck"]
[Date "1998.??.??"]
[Round "9"]
[White "Jackova, Jana"]
[Black "Moser, Eva"]
[Result "0-1"]
[WhiteElo "2205"]
[BlackElo "2190"]
[PlyCount "122"]
[EventDate "1998.07.08"]
[EventType "swiss"]
[EventRounds "9"]
[EventCountry "AUT"]
[SourceTitle "CBM 065 Extra"]
[Source "ChessBase"]
[SourceDate "1998.09.09"]
[SourceVersion "1"]
[SourceVersionDate "1998.09.09"]
[SourceQuality "1"]

1. e4 e6 2. d4 d5 3. Nc3 Bb4 4. e5 c5 5. a3 Bxc3+ 6. bxc3 Ne7 7. Qg4 Qc7 8. Bd3
cxd4 9. Ne2 dxc3 10. Qxg7 Rg8 11. Qxh7 Nbc6 12. Bf4 Bd7 13. O-O O-O-O 14. Bg3
Rdf8 15. Rfe1 d4 16. Nf4 Be8 17. Rab1 Qa5 18. Rb5 Qxa3 19. Bc4 Nd8 20. Rb3 Qc5
21. Bf1 Nf5 22. Qh5 Ba4 23. Nd3 Qe7 24. Rb4 Bc6 25. Ra1 Kb8 26. Rb3 Rg5 27. Qd1
Nxg3 28. fxg3 Bd5 29. Rba3 Nc6 30. Ra4 Be4 31. Qc1 Bxd3 32. Bxd3 Rxe5 33. Qf4
Qg5 34. Qxg5 Rxg5 35. Be4 Kc7 36. Bxc6 Kxc6 37. Rxd4 a6 38. Ra3 Rc5 39. Rd3 Rc8
40. Raxc3 Rxc3 41. Rxc3+ Kd7 42. Rd3+ Ke7 43. Rb3 b5 44. c3 Kd6 45. Ra3 Ra8 46.
Kf2 a5 47. Ke3 Kc5 48. g4 a4 49. h4 b4 50. cxb4+ Kxb4 51. Ra1 Kc3 52. Rc1+ Kb2
53. Rf1 Ra7 54. g5 a3 55. h5 a2 56. g4 a1=Q 57. Rxa1 Rxa1 58. g6 fxg6 59. hxg6
Ra4 60. Kf3 Kc3 61. g5 Kd3 0-1

[Event "EU-ch U16 Girls"]
[Site "Mureck"]
[Date "1998.??.??"]
[Round "8"]
[White "Moser, Eva"]
[Black "Matnadze, Ana"]
[Result "1/2-1/2"]
[WhiteElo "2190"]
[BlackElo "2280"]
[PlyCount "42"]
[EventDate "1998.07.08"]
[EventType "swiss"]
[EventRounds "9"]
[EventCountry "AUT"]
[SourceTitle "CBM 065 Extra"]
[Source "ChessBase"]
[SourceDate "1998.09.09"]
[SourceVersion "1"]
[SourceVersionDate "1998.09.09"]
[SourceQuality "1"]

1. e4 c5 2. c3 d5 3. exd5 Qxd5 4. d4 Nf6 5. Nf3 e6 6. Na3 Qd8 7. Bf4 cxd4 8.
Nxd4 a6 9. Qb3 Bd6 10. Bxd6 Qxd6 11. Nc4 Qc5 12. Nb6 Ra7 13. Nxc8 Qxc8 14. Qa3
Qd8 15. Nb5 Ne4 16. Be2 Qb6 17. Nxa7 Qxf2+ 18. Kd1 Qe3 19. Ke1 Qf2+ 20. Kd1 Qe3
21. Ke1 Qf2+ 1/2-1/2

[Event "Elekes Memorial IM"]
[Site "Budapest"]
[Date "1998.??.??"]
[Round "8"]
[White "Nguyen, Thi Thanh An"]
[Black "Moser, Eva"]
[Result "1-0"]
[WhiteElo "2095"]
[BlackElo "2180"]
[PlyCount "141"]
[EventDate "1998.05.??"]
[EventType "tourn"]
[EventRounds "11"]
[EventCountry "HUN"]
[EventCategory "2"]
[SourceTitle "EXT 2002"]
[Source "ChessBase"]
[SourceDate "2001.11.25"]
[SourceVersion "1"]
[SourceVersionDate "2001.11.25"]
[SourceQuality "1"]

1. d4 Nf6 2. c4 g6 3. Nc3 Bg7 4. Nf3 O-O 5. e3 d6 6. Be2 Nbd7 7. O-O e5 8. Qc2
c6 9. b3 Re8 10. Ba3 exd4 11. Nxd4 Nc5 12. Rad1 Qa5 13. Bb2 Bg4 14. Bxg4 Nxg4
15. h3 Ne5 16. a3 Qc7 17. Kh1 a5 18. Ba1 Qb6 19. Rb1 Qd8 20. Rfd1 Qh4 21. Qe2
Rad8 22. Kg1 h5 23. b4 axb4 24. axb4 Ne6 25. Nxe6 Rxe6 26. c5 d5 27. Qf1 Nc4
28. Ne2 Ra8 29. Bxg7 Kxg7 30. Nd4 Ree8 31. Ra1 Qe4 32. Rxa8 Rxa8 33. Ra1 Qe8
34. Qc1 Kh7 35. Qc3 Rxa1+ 36. Qxa1 Qd7 37. Nf3 Qe7 38. h4 f6 39. Qa7 Nb2 40.
Nd4 Qg7 41. b5 cxb5 42. Nxb5 Nd3 43. Nd6 Qc7 44. Qxb7 Qxb7 45. Nxb7 Ne5 46. Nd8
Nd7 47. c6 Nb6 48. c7 Kg7 49. Nc6 Nc8 50. Nb4 d4 51. exd4 Kf7 52. Kf1 Ke6 53.
Ke2 Kd6 54. Kd3 Ne7 55. Na6 Kc6 56. Kc4 Nc8 57. Nb4+ Kxc7 58. Nd5+ Kc6 59. Nxf6
Nd6+ 60. Kd3 Nf5 61. g3 Kd6 62. Ne4+ Ke6 63. Nc3 Nd6 64. Ne4 Nf5 65. Kc4 Ne7
66. Kc5 Kf5 67. f3 Ke6 68. Ng5+ Kd7 69. d5 Nf5 70. Ne4 Ne3 71. Kd4 1-0

[Event "Elekes Memorial IM"]
[Site "Budapest"]
[Date "1998.??.??"]
[Round "7"]
[White "Moser, Eva"]
[Black "Biro, Andras"]
[Result "0-1"]
[WhiteElo "2180"]
[BlackElo "2265"]
[PlyCount "96"]
[EventDate "1998.05.??"]
[EventType "tourn"]
[EventRounds "11"]
[EventCountry "HUN"]
[EventCategory "2"]
[SourceTitle "EXT 2002"]
[Source "ChessBase"]
[SourceDate "2001.11.25"]
[SourceVersion "1"]
[SourceVersionDate "2001.11.25"]
[SourceQuality "1"]

1. e4 c5 2. c3 d5 3. exd5 Qxd5 4. d4 e6 5. Nf3 Nf6 6. Bd3 Be7 7. O-O O-O 8. Be3
Rd8 9. Na3 cxd4 10. cxd4 Nc6 11. Qe2 b6 12. Rfd1 Bb7 13. Nb5 Rac8 14. Nc3 Qh5
15. Qf1 Nb4 16. Be2 Nc2 17. Ne5 Qh4 18. g3 Nxe3 19. fxe3 Qh6 20. Qf4 Qxf4 21.
gxf4 Bb4 22. Rdc1 Nd5 23. Nxd5 Bxd5 24. Kf2 Bd2 25. Rxc8 Rxc8 26. Bd3 f6 27.
Nf3 Bc1 28. b3 Rc3 29. Ne1 f5 30. Ke2 Be4 31. b4 Ba3 32. Bxe4 fxe4 33. Kd2 Bxb4
34. Ke2 Rc4 35. Rd1 Bxe1 36. Kxe1 Rc2 37. Rd2 Rxd2 38. Kxd2 Kf7 39. Kc3 Ke7 40.
Kb4 a6 41. Kc4 Kd6 42. h4 g6 43. a3 Kc6 44. Kb4 Kd5 45. Kb3 a5 46. a4 Kc6 47.
Kc4 h5 48. Kb3 b5 0-1